Statistiques concernant Couleurs par lettre

Cliquez ici pour prendre le quiz!

Statistiques générales

  • Ce quiz a été pris 747 fois
  • Le résultat moyen est 22 sur 44

Statistiques - réponses

Couleur % Correct
BBleu
98%
BBlanc
96%
VVert
96%
RRouge
96%
OOr
96%
NNoir
96%
OOrange
94%
VViolet
93%
JJaune
92%
RRose
92%
MMarron
91%
GGris
91%
MMauve
76%
BBeige
73%
KKaki
73%
TTurquoise
69%
AArgent
66%
Mbleu {Marine}
61%
CCyan
57%
MMagenta
53%
SSaumon
50%
PPourpre
50%
OOcre
47%
BBordeaux
44%
IIndigo
43%
OOlive
38%
TTaupe
38%
LLavande
26%
EÉcarlate
25%
AAubergine
18%
FFuchsia
16%
AAuburn
16%
Obleu {Outremer}
14%
CCorail
13%
CCerise
13%
RRoux
9%
TTerre de Sienne
7%
ZZinzolin
7%
SSarcelle
5%
PPervenche
5%
SSépia
4%
CChartreuse
4%
DDenim
4%
HHéliotrope
3%

Distribution des résultats

Percentile par nombre de réponses

% des personnes avec chaque résultat

Votre développement - résultats

Vous n’avez pas pris ce quiz